000 00396 a2200109 4500
001 ART_62889
005 20260410161813.0
008 260409a
245 1 0 _aEndeudamiento en la era digital: el rol de los algoritmos en la cristalización de pasivos concursales
100 1 _aFerro, Carlos A.
773 0 _tDoctrina Societaria y Concursal
_g- Nº 443 (jun./jul. 2025)
_wREV4298
999 _c21665
_d21665